| 000 | 00668nam a2200229Ia 4500 | ||
|---|---|---|---|
| 003 | OSt | ||
| 005 | 20220923230615.0 | ||
| 006 | a|||||r|||| 00| 0 | ||
| 007 | ta | ||
| 008 | 220922b |||||||| |||| 00| 0 pan d | ||
| 024 | _a283,782 | ||
| 037 | _cTextual | ||
| 040 |
_aARTS _cARTS _bpan |
||
| 041 |
_2pan _apan |
||
| 082 | _aO153,3NVI1,ZM, M3 | ||
| 100 |
_aਵਰਮਾ, ਦਯਾ ਨੰਦ _9158592 |
||
| 245 | 0 | _aਗ਼ਿੰਦਾਬਾਦ ਮੁਰਦਾਬਾਦ | |
| 260 | _c1983 | ||
| 650 | _aਪੰਜਾਬੀ ਸਾਹਿਤ | ||
| 942 |
_hO153,3NVI1,ZM, M3 _cTEXL _2CC |
||
| 999 |
_c385998 _d385998 |
||